Por qué fracasan los países : (Registro nro. 4727)
[ vista simple ]
| 000 -LEADER | |
|---|---|
| fixed length control field | 01540nam a2200325Ia 4500 |
| 003 - CONTROL NUMBER IDENTIFIER | |
| control field | OSt |
| 005 - DATE AND TIME OF LATEST TRANSACTION | |
| control field | 20210108143341.0 |
| 008 - FIXED-LENGTH DATA ELEMENTS--GENERAL INFORMATION | |
| fixed length control field | 191128s2012 ck ao gr 000 0dspa d |
| 020 ## - INTERNATIONAL STANDARD BOOK NUMBER | |
| International Standard Book Number | 9789584232830 |
| 040 ## - CATALOGING SOURCE | |
| Original cataloging agency | CO-JMCR |
| Transcribing agency | CO-JMCR |
| 041 0# - LANGUAGE CODE | |
| Language code of text/sound track or separate title | spa |
| 082 04 - DEWEY DECIMAL CLASSIFICATION NUMBER | |
| Classification number | 330 / |
| Item number | A235p |
| Edition number | 23 |
| 100 1# - MAIN ENTRY--PERSONAL NAME | |
| Personal name | Acemoglu, Daron, |
| Relator term | autor |
| 9 (RLIN) | 4434 |
| 245 10 - TITLE STATEMENT | |
| Title | Por qué fracasan los países : |
| Remainder of title | los orígenes del poder, la prosperidad y la pobreza / |
| Statement of responsibility, etc. | Daron Acemoglu y James A. Robinson ; traducido por Marta García Madera |
| 250 ## - EDITION STATEMENT | |
| Edition statement | 9a. edición |
| 260 ## - PUBLICATION, DISTRIBUTION, ETC. | |
| Place of publication, distribution, etc. | Bogotá : |
| Name of publisher, distributor, etc. | Planeta Colombiana, |
| Date of publication, distribution, etc. | 2012 |
| 300 ## - PHYSICAL DESCRIPTION | |
| Extent | 589 páginas : |
| Other physical details | fotografías a blanco y negro ; |
| Dimensions | 23 cm. |
| 500 ## - GENERAL NOTE | |
| General note | Incluye datos biograficos de los autores. |
| 504 ## - BIBLIOGRAPHY, ETC. NOTE | |
| Bibliography, etc. note | Bibliografía: páginas 545-589 |
| 505 0# - FORMATTED CONTENTS NOTE | |
| Formatted contents note | Tan cerca y, sin embargo, tan diferentes -- Teorías que no funcionan -- La creación de la prosperidad y la pobreza -- Pequeñas diferencias y coyunturas críticas: el peso de la historia -- He visto el futuro, y funciona : el crecimiento bajo |
| 520 ## - SUMMARY, ETC. | |
| Summary, etc. | Que algunas naciones sean más prosperas que otras, ¿se debe a cuestiones culturales?, ¿a los efectos de la climatología?, ¿a su ubicación geográfica? No, en absoluto. |
| 534 ## - ORIGINAL VERSION NOTE | |
| Introductory phrase | Why Nations fail |
| 546 ## - LANGUAGE NOTE | |
| Language note | Traducido del inglés |
| 650 14 - SUBJECT ADDED ENTRY--TOPICAL TERM | |
| Topical term or geographic name entry element | Pobreza |
| General subdivision | historia |
| 9 (RLIN) | 4435 |
| 650 14 - SUBJECT ADDED ENTRY--TOPICAL TERM | |
| Topical term or geographic name entry element | Economía política |
| 9 (RLIN) | 1838 |
| 650 14 - SUBJECT ADDED ENTRY--TOPICAL TERM | |
| Topical term or geographic name entry element | Desarrollo económico |
| 9 (RLIN) | 4436 |
| 700 1# - ADDED ENTRY--PERSONAL NAME | |
| Personal name | Robinson, James A., |
| Relator term | autor |
| 9 (RLIN) | 4437 |
| 700 1# - ADDED ENTRY--PERSONAL NAME | |
| Personal name | García Madera, Marta, |
| Relator term | traductora |
| 9 (RLIN) | 4438 |
| 942 ## - ADDED ENTRY ELEMENTS (KOHA) | |
| Source of classification or shelving scheme | Dewey Decimal Classification |
| Koha item type | Books |
| Withdrawn status | Lost status | Source of classification or shelving scheme | Damaged status | Not for loan | Collection code | Home library | Current library | Date acquired | Source of acquisition | Cost, normal purchase price | Total Checkouts | Total Renewals | Full call number | Barcode | Date last seen | Date last checked out | Copy number | Koha item type |
|---|---|---|---|---|---|---|---|---|---|---|---|---|---|---|---|---|---|---|
| Dewey Decimal Classification | Non-fiction | Biblioteca Pública José María del Castillo y Rada | Biblioteca Pública José María del Castillo y Rada | 04/15/2018 | Donación | 0.00 | 1 | 2 | 330 / A235p | 430000071 | 11/22/2024 | 10/22/2024 | Ej.1 | Books |